000 02153nam0a2200397 4500
001 RU\NLR\bibl\2002438
005 20260408202947.0
010 _a978-5-906013-32-3
_9100
021 _aRU
_b2013-7358
_9530
035 _a(NLR Aleph) 001991139
035 _a(nilc)RuMoRGB-006528712
090 _a4226578
_c4226578
100 _a20130208d2012 u y0rusy50 ca
101 0 _arus
102 _aRU
105 _ay |||||||||
200 1 _aПедагогическое физкультурно-спортивное совершенствование
_e(на примере плавания)
_eучебно-методическое пособие
_fФедер. гос. бюджет. образоват. учреждение высш. проф. образования "Вят. гос. гуманит. ун-т"
_g[сост.: О.В. Анфилатова, к.п.н., доц.]
210 _aКиров
_cРадуга-Пресс
_d2012
215 _a118 с.
_d20
320 _aБиблиогр.: с. 4 (5 назв.) и в конце гл.
606 1 _aПлавание (спорт.)
_jУчебно-методические пособия для высших учебных заведений
_xТренировка
_91911934
_3RU\NLR\auth\66871499
606 _aПлавание (спорт.)
_xОбучение
_xВысшие учебные заведения физической культуры, спорта и туризма
_jУчебно-методические пособия для высших учебных заведений
_3RU\NLR\auth\661521210
_92572550
686 _aЧ486.73я73
686 _aЧ489.536я73
686 _aЧ517.175.515я73
702 1 _aАнфилатова
_bО. В.
_gОльга Викторовна
_4220
712 0 2 _4570
_aВятский государственный гуманитарный университет
_cКиров
_3RU\NLR\AUTH\8810041433
_9582183
801 0 _aRU
_bRuMoRKP
_c20130208
_gRCR
801 1 _aRU
_bRuMoRKP
_c20130208
_2rusmarc
801 2 _aRU
_bРГБ
_c20130321
_grcr
801 2 _aRU
_bNLR
_c20130219
_grcr
942 _cBOOK
980 _aNBR
980 _aNB